00429nam a2200169Ia 4500003000400000005001700004008004100021020001800062040000700080041000800087082001900095100002200114245004600136260004700182300001600229365001400245OSt20230415091446.0210423s2009 xx 000 0 und d a9780521671682 cAL aeng a823 223bIREF aIRELE (F Abiola). aCambridge companion to the African novel. aNew YorkbCambridge University Pressc2009 axii,282bPB b1509cINR